000 00340 a2200157 4500
001 179980
020 _a
040 _cMagnum
100 _aBrandao, Luzia Machado
240 1 0 _aO grilinho brincalhao
_lpor
245 1 0 _aO grilinho brincalhao
362 0 _a1899
440 1 _aDo Brasil
697 _aMAGNITO: IJ/DIDATICO
942 _cBK
999 _c179980
_d179980